000 00927nas a2200277 4500
001 BR2014007071
003 BR-BrBNA
005 20231205124731.0
007 ta
008 230509b bl.|||p| |||| 00| 00por d
040 _aBR-BrBNA
_bpor
_cBiblioteca Nacional de Agricultura
041 _a(Pt)
072 _aF61; P40
100 1 _aSteidle Neto, A.J.
100 1 _aZolnier, S.
100 1 _aMarouelli, W.A.
100 1 _aCarrijo, O.A.
245 1 _aRazão entre radiação fotossinteticamente ativa e radiação global no cultivo do tomateiro em casa-de-vegetação
650 _aLYCOPERSICON ESCULENTUM
650 _aCULTIVO PROTEGIDO
650 _aRADIAÇÃO SOLAR
650 _aFOTOSSÍNTESE
773 0 _tRevista Brasileira de Engenharia Agrícola e Ambiental (Brazil)
_xISSN 1415-4366
_g(Nov-Dec 2008), V. 12(6) p. 626-631
_wBR2014007071
909 _a202311
_bLúcia
_c55
_dLúcia Elande
942 _2AGRIS
_n0
_cANA
999 _c240625
_d240625